Financial Accounting-II/ (Record no. 209268)

MARC details
000 -LEADER
fixed length control field 00625nam a2200193Ia 4500
005 - DATE AND TIME OF LATEST TRANSACTION
control field 20250218154911.0
010 ## - LCCN (DPL NO)
LC control number ENG-1438322
020 ## - INTERNATIONAL STANDARD BOOK NUMBER
International Standard Book Number 9789361592591
Terms of availability 581.00
035 ## - SYSTEM CONTROL NUMBER
System control number EN-127364
037 ## - SOURCE OF ACQUISITION
Source of stock number/acquisition DBAD/PUB
082 ## - DEWEY DECIMAL CLASSIFICATION NUMBER
Classification number 657.48
Edition number 06
100 ## - MAIN ENTRY--PERSONAL NAME
Dates associated with a name Hanif, Mohammed
245 ## - TITLE STATEMENT
Title Financial Accounting-II/
Medium English
Statement of responsibility, etc By M Hanif and A Mukherjee
250 ## - EDITION STATEMENT
Edition statement 06
260 ## - PUBLICATION, DISTRIBUTION, ETC. (IMPRINT)
Place of publication, distribution, etc Chennai
Name of publisher, distributor, etc McGraw Hill Education(India) Private Limited
Date of publication, distribution, etc 2024
270 ## - ADDRESS
Address Anjana Complex No;5/90 A Butt Road St. Thomas Mount
City Chennai
Postal code 600016
300 ## - PHYSICAL DESCRIPTION
Extent 620pb
Dimensions 24cm(pbk)
942 ## - ADDED ENTRY ELEMENTS (KOHA)
Item type English Books
Source of classification or shelving scheme Dewey Decimal Classification
Call number suffix HAN
Classification part 657.48
Edition 06
Holdings
Withdrawn status Lost status Not for loan Collection code Home library Current library Date acquired Source of acquisition Cost, normal purchase price Full call number Barcode Copy number Cost, replacement price Koha item type
      Non-fiction Central Library Central Library 18/02/2025 DBAD 581.00 HAN 657.48 EN-127364 1 581.00 English Books

© Delhi Public Library
Hit Counter
free hit counter